00886aam a2200265 a 450000100060000000300080000600500170001400800390003103500190007004000270008904100080011608200240012410000240014824501010017226000310027330000380030450000350034250400560037761000360043365000340046965000290050365000300053265100400056274000180060226183BD-RjUL20211209051001.0140320s1994 bg ab b 000 0 eng a(BD-RjUL)26253 aDLCcDLCbengdBD-RjUL aeng00a954.2220bKHI 19941 aKhan, Iqbal Ansari.10aIn-depth look at the Babri Mosque :bcontempt of court vs contempt of God? /cIqbal Ansari Khan. aDhaka :bI.A. Khan,c1994. axi, 174 p. :bill., map ;c22 cm. aSpine title: The Babri Mosque. aIncludes bibliographical references (p. [171]-174).20aBabari Masjid (Faizabad, India) 0aCommunalismzIndiazFaizabad. 0aHinduszIndiazFaizabad. 0aMuslimszIndiazFaizabad. 0aAyodhya (Faizabad, India)xHistory.01aBabri Moques.